000
00256nam a2200109Ia 4500
008
190216s9999||||xx |||||||||||||| ||und||
100
_a
Agarwal M L
245
0
_a
Theory And Practice Of Cost Accounting
260
_b
Null
_c
1988
300
_a
774p
942
_c
BK
999
_c
4854
_d
4854